| 000 | 00446nam a2200169Ia 4500 | ||
|---|---|---|---|
| 008 | 131103s9999 xx 000 0 und d | ||
| 040 | _aLoreto College | ||
| 041 | _aEnglish | ||
| 082 |
_aREF/W _bLCBED/3987 |
||
| 100 | _aAnderson, Ella | ||
| 245 |
_aPictorial History of the ancient world _cElla Anderson |
||
| 260 |
_aLondon _bOdhams _c1965 |
||
| 300 |
_a63p. _b pic. _c 26cm. |
||
| 650 | _aWorld History | ||
| 850 | _aLCBED/REF | ||
| 942 | _cBK | ||
| 999 |
_c31211 _d81690 |
||